Personnel management abstracts

Bibliographic Details
Corporate Author: University of Michigan
Format: Book
Published: Chelsea, Mich. : : Personnel Management Abstracts, , c1955-
Edition:1st. issue: Vol. 1, no. 1 (Jan.-Feb. 1955)-
Subjects:

MARC

LEADER 00000cam a2200000 7i4500
001 0000044113
005 20030817093000.0
008 030617s1955
022 0 |a 0031-577X 
090 0 0 |a HF5549   |b .P47 ff 
245 0 0 |a Personnel management abstracts 
250 |a 1st. issue: Vol. 1, no. 1 (Jan.-Feb. 1955)- 
260 2 |a Chelsea, Mich. : :   |b Personnel Management Abstracts, ,   |c c1955- 
310 |a Quarterly   |a <spring 1988> 
321 0 0 |a Bimonthly 
501 |a Issues for winter 1985- have title: Personnel & management abstracts. 
501 |a Library has: Vol. 33 1987- 
510
555 0 0 |a Annual index published separately, 1955- 
650 0 |a Personnel management   |x Abstracts   |x Periodicals 
710 1 2 |a University of Michigan. ,   |c Graduate School of Business Administration 
998 |a HF5549   |a .P452 
999 |a 1000005157   |b Serials   |c Reference   |e Gong Badak Campus 
999 |a 1000050800   |b Serials   |c Reference   |e Gong Badak Campus 
999 |a 1000066561   |b Serials   |c Reference   |e Gong Badak Campus 
999 |a 1000068129   |b Serials   |c Reference   |e Gong Badak Campus 
999 |a 1000068350   |b Serials   |c Reference   |e Gong Badak Campus 
999 |a 1000068365   |b Serials   |c Reference   |e Gong Badak Campus 
999 |a 1000071772   |b Serials   |c Reference   |e Gong Badak Campus 
999 |a 1000071773   |b Serials   |c Reference   |e Gong Badak Campus 
999 |a 1000071991   |b Serials   |c Reference   |e Gong Badak Campus 
999 |a 1000078688   |b Serials   |c Reference   |e Gong Badak Campus 
999 |a 1000078708   |b Serials   |c Reference   |e Gong Badak Campus 
999 |a 1000082992   |b Serials   |c Reference   |e Gong Badak Campus 
999 |a 1000098416   |b Posters   |c Reference   |e Gong Badak Campus